zpět

Detail výsledku týmu

Záložna ST, Pardubice

Datum a čas kvízu

25.5 Celkem bodů Celkový počet nahraných bodů na tomto kvízu bez doplňovacích otázek.
10. Pořadí na kvízu Konečné umístění týmu na tomto kvízu.

Zaznamenané odpovědi

# Otázka Odpověď Body Výsledky
1. Ředitelství silnic a dálnic v... 0
2. Neobvyklý trest dostal starost... 0
3. Tento hvězdný pár už spolu asi... 1
4. Mezinárodní veletrh motocyklů,... 0
5. Tomáš Plekanec změnil po 14 se... 1
6. Které z těchto děl Karla Čapka... 1
7. Tento obraz Františka Kupky se... 1
8. Toto dílo by bylo zbytečné pře... 1
9. Která osobnost televizní zábav... 0
10. Přiřaďte filmy Miloše Formana... 0